000 01046nam a22002897a 4500
005 20090504104614.0
008 090504t xxu||||| |||| 00| 0 eng d
010 _aENG-93396
020 _a8188683604
_c450.00
020 _a9788188683604
_c450.00
035 _aEN-76929
037 _bDBAD / PUB
040 _adpl
_bEnglish
082 _a363.25
245 _aForensic science and crime investigation /
_cedited by Ramesh Chandra, Surinder Nath [and] P.K. Janjua
260 _aDelhi
_bAbhijeet Publications
_c2005
270 _a2/46 Tukhmeerpur Extension
_bDelhi
_e110094
300 _aviii, 184p.
_c22cm (Hb)
500 _aIncludes references
650 _aForensic science
650 _acrime investigation
700 _aChandra, Ramesh
700 _aSurinder Nath
700 _aJanjua, P.K.
942 _2ddc
_cEN
_mFOR
_h363.25
999 _c26018
_d26018